000 00292nam a2200121Ia 4500
008 190216s9999||||xx |||||||||||||| ||und||
100 _aLaxman R K
245 0 _a"You Said It Vol I,Ii,Iv,V,Vi"
260 _bPearl Pub
_c1961
300 _a105
650 _aMiscellanious Writting
942 _cBK
999 _c13359
_d13359